000 00437nam a22001697a 4500
005 20160503112053.0
008 160503b xxu||||| |||| 00| 0 eng d
020 _a81-297-0323-8
041 _aeng
082 _b1185
100 _aMc Manus John Harper Wood Trevor
_9399
245 _aInformation Systems Project Management
260 _aNew Delhi
_bPearson Education,
_c2004
300 _a293
650 _aManagement
_9241
942 _cBK
999 _c473
_d473